Responses for Show #3878 - Wednesday, June 13, 2001

Mark Eckard game 4.

Contestants

[<< previous game]

Jessica Finkelberg, a talent backer from Jersey City, New Jersey

Jason Blankenship, a public defender from Keene, New Hampshire

Mark Eckard, a software engineer from Bedford, Massachusetts (whose 3-day cash winnings total $38,300)

[next game >>]

Jeopardy! Round responses

GEORGE W. - THE GUBERNATORIAL YEARS
OUT OF THE "BLUE"
LAST NAME'S THE SAME
BOOK REVIEWS
LET'S CELEBRATE!
THE JOY OF SAX
    $100 26
handguns

Jason
    $100 1
blue chip

Mark
    $100 16
Thomas

Jessica
    $100 6
The Bridges of Madison County

Jessica
    $100 11
Wisconsin

Jason
    $100 21
David Letterman

Mark
    $200 27
a tax cut

Jessica
    $200 2
Blue Bonnet

Mark
    $200 17
Jones

Mark
    $200 7
The Cat in the Hat

Jessica
    $200 12
Bon Voyage

Mark
    $200 22
Governor of Arkansas

Jason
    $300 28
Youth

Mark
    $300 3
NYPD Blue

Jessica
    $300 18
Coolidge

Jessica
    $300 8
Jurassic Park

Mark
    $300 13
Oktoberfest

Mark
    $300 23
Kenny G

Mark
    $400 29
an execution

Jessica
    $400 4
"Blue Suede Shoes"

Jessica
    $400 19
Klein

Jason
    $500 9
The Shining

Mark
    $400 14
Little Italy

Jessica
    $400 24
Charlie Parker

Jason
    $500 30
lawsuits

Mark
    $500 5
Blue Meanies

Jessica
    $500 20
Nash

Jason
    $500 10
Theodore Dreiser

Jessica
    $500 15
Braveheart

Jason
    $500 25
John Coltrane

Jason

Scores at the first commercial break (after clue 15):

Mark Jason Jessica
$1,600 $600 $2,400

Scores at the end of the Jeopardy! Round:

Mark Jason Jessica
$3,000 $2,700 $3,400

Double Jeopardy! Round responses

BIG OLD ISLANDS
LOWEST COMMON DENOMINATOR
FONTS OF INFORMATION
GENERALLY SPEAKING
EDIBLE TV
THE JOY OF SIX
    $200 1
Tasmania

Jason
    $200 26
(Mark: What is 1/15?)

15

MarkJason
    $200 21
(Mark: What is Helvetica?)

Gothic

MarkJason
    $200 7
George S. Patton

Mark
    $200 4
roasts

Mark
    $200 16
sixpence

Mark
    $400 2
Tierra del Fuego

Jason
    $400 27
12

Jessica
    $400 22
(P.T.) Barnum

Mark
    $400 8
George Custer

Jason
    $400 12
Spaghetti

Mark
    $400 17
Zeta

Mark
    $600 3
Sumatra

Jessica
    $600 28
24

Mark
    $600 23
Countdown

Mark
    $600 9
Norman Schwarzkopf

Mark
    $600 13
The Bean

Jessica
    $600 18
Ireland

Mark
    $1,200 5
Luzon (in the Philippines)

Mark
    $800 29
45

Jason
    $800 24
Bauhaus

Jason
    $1,200 10
William Tecumseh Sherman

Mark
    $800 14
Toast of the Town

Mark
    $800 19
(Mark: What is "Between sixes and sevens"?)

"Six of one, half-a-dozen of the other"

MarkJason
    $1000 6
(Mark: What is Ellesmere?)

Baffin Island (Canada)

MarkJason
    $1000 30
60

Jason
    $1000 25
(Jason: What is postman?)
(Jessica: What is carrier?)

Courier

JasonJessica
Triple Stumper
    $1000 11
Alexander Haig or George Marshall

Triple Stumper
    $1000 15
Couch Potatoes

Mark
    $1000 20
Foreigner

Jason

Scores at the end of the Double Jeopardy! Round:

Mark Jason Jessica
$9,200 $8,500 $4,000

[wagering suggestions for these scores]

Final Jeopardy! Round responses

DIRECTORS
JessicaWho is Olivier?
$3,999
JasonWho was Capra
$8,400
MarkWho was Orson Welles
$8,000
Orson Welles

Final scores:

Mark Jason Jessica
$17,200 $100 $1
4-day champion: $55,500 2nd place: Forever Resorts Houseboat Vacation in Nevada 3rd place: Pinseeker Golf Clubs

Game dynamics:

Coryat scores:

Mark Jason Jessica
$8,300 $8,500 $4,000
25 R
(including 3 DDs),
4 W
19 R,
1 W
14 R,
1 W

Combined Coryat: $20,800

[game clues] [game scores] [suggest correction]

Game tape date: 2001-02-27
The J! Archive is created by fans, for fans. Scraping, republication, monetization, and malicious use prohibited; this site may use cookies and collect identifying information. See terms. The Jeopardy! game show and all elements thereof, including but not limited to copyright and trademark thereto, are the property of Jeopardy Productions, Inc. and are protected under law. This website is not affiliated with, sponsored by, or operated by Jeopardy Productions, Inc. Join the discussion at JBoard.tv.